| 000 | 00868cam a22002531 4500 | ||
|---|---|---|---|
| 001 | 23650 | ||
| 003 | BD-RjUL | ||
| 005 | 20211209000944.0 | ||
| 008 | 140311r19671962nyuc b 001 0beng | ||
| 035 | _a(BD-RjUL)23715 | ||
| 040 |
_aDLC _cDLC _dDLC _dBD-RjUL _beng |
||
| 041 | _aeng | ||
| 082 | 0 | 0 |
_a509.24 _bHAS |
| 100 | 1 |
_aHall, Courtney Robert, _d1894- _972801 |
|
| 245 | 1 | 2 |
_aA scientist in the early Republic : _b Samuel Latham Mitchill, 1764-1831/ _cCourtney Robert,Hall |
| 260 |
_aNew York : _bRussell & Russell, _c c1962 [reprinted 1967] |
||
| 300 |
_avi, 162 p. : _bport. ; _c25 cm. |
||
| 504 | _a"Bibliography of Mitchell's writings": p. [141]-150. Bibliography: p. [151]-155. | ||
| 504 | _aIncludes index. | ||
| 600 | 1 | 0 |
_aMitchill, Samuel L. _q(Samuel Latham), _d1764-1831. _972806 |
| 942 |
_2ddc _cBK |
||
| 999 |
_c23650 _d23650 |
||